[Event "12. Online Aktivschach WM"]
[Site "Schachcomputer.info"]
[Date "2016.02.18"]
[Round "5.2"]
[White "Tasc R30 V2.23"]
[Black "Mephisto Atlanta 32 MHz"]
[Result "1-0"]
[WhiteElo "2367"]
[BlackElo "2301"]
[PlyCount "141"]

1. d4 Nf6 2. c4 e6 3. Nc3 Bb4 4. Qc2 c5 5. dxc5 O-O 6. Bg5 Bxc5 7. Nf3 d6 8. e3
Nc6 9. a3 h6 10. Bxf6 Qxf6 11. Bd3 Ne5 12. Nxe5 Qxe5 13. O-O d5 14. Rfe1 dxc4
15. Bxc4 Bd6 16. f4 Qa5 17. Nb5 Be7 18. Rad1 Qb6 19. Nd4 Rd8 20. Rd3 Bd7 21.
Rb3 Qa5 22. Rc3 Ba4 23. Bb3 Bxb3 24. Nxb3 Qb6 25. Kh1 Bf6 26. Rc4 Rd5 27. Rb4
Rb5 28. Rxb5 Qxb5 29. e4 Rd8 30. e5 Be7 31. Rc1 g5 32. fxg5 Bxg5 33. Re1 Bf4
34. Nc5 Bxe5 35. b4 b6 36. Ne4 Kg7 37. Nd2 Bf6 38. Ne4 Be5 39. Nd2 Qd3 40. Qxd3
Rxd3 41. Rxe5 Rxd2 42. Kg1 Rd3 43. a4 Kf6 44. Re4 Rd2 45. Rf4+ Kg6 46. Rg4+ Kf5
47. Rc4 Ra2 48. b5 e5 49. Rc7 Rxa4 50. Rxf7+ Kg5 51. Rg7+ Kf4 52. g3+ Kf3 53.
Rf7+ Kg4 54. Rg7+ Kf5 55. Rf7+ Ke4 56. Rh7 Rb4 57. Rxh6 Rxb5 58. h4 Rb2 59. h5
Kf3 60. Rg6 e4 61. h6 Rb5 62. g4 Kg3 63. Kf1 Rb2 64. g5 Rh2 65. Rg7 a5 66. h7
Kf4 67. g6 Kg5 68. Rg8 a4 69. h8=Q Rxh8 70. Rxh8 Kxg6 71. Rb8 1-0

[Event "12. Online Aktivschach WM"]
[Site "Schachcomputer.info"]
[Date "2016.02.15"]
[Round "5.3"]
[White "Tasc CM 32 MHz Gideon 3.0"]
[Black "Tasc R30 V2.5"]
[Result "1-0"]
[WhiteElo "2353"]
[BlackElo "2368"]
[PlyCount "83"]

1. Nf3 Nf6 2. d4 d5 3. c4 dxc4 4. e3 e6 5. Bxc4 c5 6. O-O a6 7. dxc5 Qc7 8. Qe2
Bxc5 9. e4 Nc6 10. Nc3 Ng4 11. g3 Bd6 12. Bb3 O-O 13. Bd2 b5 14. Rac1 {V2.5
rechnet} Bb7 {CM rechnet} 15. Rfe1 Qb6 16. h3 Nge5 17. Be3 Nxf3+ 18. Qxf3 Nd4 {
schon hüpft der Hüpfer ins Verderben} 19. Qg4 Rac8 20. Red1 Be5 21. f4 f5 22.
exf5 Bf3 23. Bxe6+ Qxe6 24. fxe6 Bxg4 25. hxg4 Rxc3 26. bxc3 Ne2+ 27. Kg2 Nxc1
28. fxe5 Re8 29. Rxc1 Rxe6 30. Bd4 Re8 31. Kf3 Kf7 32. c4 Rc8 33. c5 Ke6 34.
Ke4 Rc6 35. Be3 Rc8 36. Rd1 Ke7 37. Rd6 Ra8 38. c6 Rc8 39. Rd7+ Ke8 40. Kd5 Kf8
41. Bc5+ Kg8 42. c7 1-0

[Event "12. Online Aktivschach WM"]
[Site "Schachcomputer.info"]
[Date "2016.02.16"]
[Round "5.4"]
[White "Revelation II Vancouver"]
[Black "Tasc CM 32 MHz King 2.54"]
[Result "1-0"]
[WhiteElo "2350"]
[BlackElo "2376"]
[PlyCount "128"]

1. d4 Nf6 2. g3 e6 3. Bg2 d5 4. c4 Be7 5. Nf3 O-O 6. O-O Nbd7 7. Qc2 b6 8. Nc3
dxc4 9. Nd2 Rb8 10. Nxc4 Bb7 11. Bxb7 Rxb7 12. Bf4 b5 13. Na5 Rb6 14. a4 a6 15.
axb5 axb5 16. Nb3 Bd6 17. Bg5 h6 18. Bxf6 Nxf6 19. Rfc1 Re8 20. e3 e5 21. Ra7
Qc8 22. Rca1 b4 23. Ne2 e4 24. Qc4 Qh3 25. Nd2 Ng4 26. Nf1 Nf6 27. Nf4 Qd7 28.
Nd5 Nxd5 29. Qxd5 Qc6 30. Qb3 Rb7 31. R7a6 Rb6 32. Rxb6 cxb6 33. Ra7 Re7 34.
Qa4 Qxa4 35. Rxa4 Rc7 36. b3 Rc2 37. Ra8+ Bf8 38. g4 Rb2 39. Ng3 Rxb3 40. Rb8
Rc3 41. Rxb6 f6 42. Rb7 Rc1+ 43. Kg2 Rd1 44. Nxe4 Rc1 45. Kf3 Rh1 46. Rb8 Kf7
47. Nc5 Bxc5 48. dxc5 Rc1 49. Rxb4 Rxc5 50. h4 h5 51. gxh5 Rxh5 52. Kg4 Re5 53.
e4 Re7 54. h5 Ke6 55. f4 Kd6 56. h6 gxh6 57. Kf5 h5 58. Kxf6 Re8 59. e5+ Kd5
60. Kf7 Rh8 61. e6 Rh7+ 62. Kg6 Rh8 63. e7 h4 64. f5 h3 1-0

[Event "12. Online Aktivschach WM"]
[Site "Schachcomputer.info"]
[Date "2016.02.14"]
[Round "5.5"]
[White "Tasc R30 Gideon"]
[Black "Novag Star Diamond"]
[Result "1-0"]
[WhiteElo "2318"]
[BlackElo "2183"]
[PlyCount "97"]

1. e4 e5 2. Nc3 Nf6 3. g3 Bc5 4. Bg2 d6 5. Nf3 Nc6 6. d3 a6 7. O-O O-O {
Gideon rechnet} 8. Bg5 h6 9. Bxf6 {SD rechnet} Qxf6 10. Nd5 Qd8 11. c3 f5 12.
exf5 Bxf5 13. d4 exd4 14. Nxd4 Bxd4 15. cxd4 Qd7 16. Rc1 Kh8 17. Ne3 Bg6 18.
Qd2 Bf7 19. Rc3 Nd8 20. Rfc1 Rc8 21. Be4 Re8 22. f3 d5 23. Bd3 Ne6 24. Bf5 Bh5
25. Ng4 Bxg4 26. Bxg4 c6 27. Re3 Re7 28. Rce1 Rce8 29. Qd3 Qd6 30. Qg6 Qb4 31.
Bxe6 Qd2 32. Kh1 Qb4 33. a3 Qd2 34. f4 a5 35. R3e2 Rxe6 36. Rxe6 Qxe1+ 37. Rxe1
Rxe1+ 38. Kg2 Re2+ 39. Kh3 Rxb2 40. f5 a4 41. f6 gxf6 42. Qxh6+ Kg8 43. Qxf6
Kh7 44. g4 Kg8 45. g5 Rxh2+ 46. Kxh2 c5 47. g6 cxd4 48. Qf7+ Kh8 49. Qh7# 1-0

[Event "12. Online Aktivschach WM"]
[Site "Schachcomputer.info"]
[Date "2016.02.16"]
[Round "5.6"]
[White "Resurrection Ruffian"]
[Black "Millennium ChessGenius 80 MHz"]
[Result "1-0"]
[WhiteElo "2379"]
[BlackElo "2250"]
[PlyCount "173"]

1. Nf3 Nf6 2. d4 d5 3. c4 dxc4 4. e3 e6 5. Bxc4 c5 6. O-O a6 {*} 7. Bd3 {*} Nc6
8. Ne5 cxd4 9. Nxc6 bxc6 10. Qa4 dxe3 11. Bxe3 Bb7 12. Qb3 Qe7 13. Rd1 Qb4 14.
Nd2 Ng4 15. Bb6 Bd6 16. Qxb4 Bxb4 17. a3 Bd6 18. g3 Ne5 19. Nc4 Nxc4 20. Bxc4
Ke7 21. Rd2 Rhb8 22. Rad1 Bc8 23. Ba5 Be5 24. Bb4+ Kf6 25. f4 Bc7 26. Bd3 g6
27. Bc3+ Ke7 28. Be4 a5 29. Bxc6 Ra7 30. Kg2 Rb3 31. Bg7 Bb6 32. Ba4 Re3 33.
Rd6 Re2+ 34. Kf1 Rf2+ 35. Ke1 Rxh2 36. Rxb6 f6 37. Rc6 Kf7 38. Rxc8 Kxg7 39.
Rd2 Rh1+ 40. Kf2 Rh2+ 41. Ke3 Rxd2 42. Kxd2 g5 43. fxg5 fxg5 44. Ke3 Rb7 45.
Rc5 h6 46. Rxa5 Rxb2 47. Rb5 Rg2 48. Kf3 Ra2 49. Rb3 Kf6 50. Be8 Kf5 51. g4+
Kf6 52. a4 Ra1 53. Rb4 Ra3+ 54. Ke4 Rg3 55. Bh5 Rc3 56. a5 Ra3 57. Rb5 Ra4+ 58.
Kf3 Ra3+ 59. Ke2 Ra4 60. Kf2 Ra2+ 61. Ke3 Ra4 62. Kd3 Ke7 63. Kc3 Kd7 64. Kb3
Ra1 65. Bg6 Kd6 66. Be4 Re1 67. Rb4 Ra1 68. Ra4 Rxa4 69. Kxa4 Kc5 70. Bh1 e5
71. Bg2 e4 72. Bxe4 Kd4 73. Bc6 Ke5 74. a6 Kf4 75. a7 Kxg4 76. a8=Q Kf4 77.
Qf8+ Ke5 78. Qxh6 Kf5 79. Kb4 Kg4 80. Qe6+ Kh4 81. Qf6 Kh5 82. Bd7 Kh4 83. Qd4+
Kg3 84. Qe3+ Kg2 85. Bh3+ Kh2 86. Qf3 Kg1 87. Qg2# 1-0

[Event "12. Online Aktivschach WM"]
[Site "Schachcomputer.info"]
[Date "2016.02.13"]
[Round "5.7"]
[White "Tasc R30 V2.2"]
[Black "Mephisto Magellan"]
[Result "1/2-1/2"]
[WhiteElo "2367"]
[BlackElo "2239"]
[PlyCount "120"]

1. d4 Nf6 2. c4 e5 3. dxe5 Ne4 4. Nf3 Nc6 5. a3 Bc5 6. e3 Be7 7. Qc2 Ng5 8.
Nxg5 Bxg5 9. Nc3 O-O 10. f4 Bh4+ 11. g3 Be7 12. Bd3 h6 13. b4 d6 14. b5 Nb8 15.
Bb2 dxe5 16. O-O-O Nd7 17. fxe5 Bc5 18. Rhe1 c6 19. Bh7+ Kh8 20. Ne4 Qe7 21.
bxc6 bxc6 22. e6 fxe6 23. Nxc5 Qxc5 24. Bd4 Qxa3+ 25. Bb2 Qe7 26. Be4 Bb7 27.
Bg2 e5 28. Kb1 Rab8 29. Rf1 Rxf1 30. Rxf1 Nb6 31. c5 Nd5 32. Qg6 Kg8 33. Rf2
Ba8 34. Bxd5+ cxd5 35. c6 a5 36. Rc2 Qf6 37. Qxf6 gxf6 38. c7 Rc8 39. Rc5 Kf7
40. Rxa5 Bb7 41. Rc5 Ke6 42. Rc1 Ra8 43. Bc3 Ra6 44. Bd2 Kd7 45. Rc5 Rc6 46.
Rxc6 Kxc6 47. Ba5 Kb5 48. Bc3 h5 49. Kc2 Kb6 50. c8=Q Bxc8 51. Bb4 Kc6 52. Be7
f5 53. Kd2 Ba6 54. Bb4 Bf1 55. Ke1 Bg2 56. Bc3 Kd6 57. Kf2 Bh3 58. Ke2 Ke6 59.
Kd2 Bf1 60. Ke1 Bd3 1/2-1/2

[Event "12. Online Aktivschach WM"]
[Site "Schachcomputer.info"]
[Date "2016.02.16"]
[Round "5.8"]
[White "Mephisto London 68030"]
[Black "Mephisto Atlanta"]
[Result "0-1"]
[WhiteElo "2339"]
[BlackElo "2266"]
[PlyCount "85"]

1. c4 c6 2. d4 d5 3. Nf3 Nf6 4. Nc3 dxc4 5. a4 Bf5 6. e3 e6 7. Bxc4 Bb4 8. O-O
O-O 9. Nh4 Bg4 10. f3 Bh5 11. g4 Bg6 12. e4 Nbd7 13. g5 Ne8 14. Nxg6 hxg6 15.
Be3 Nb6 16. Bb3 Nd6 17. Qd3 c5 18. Na2 c4 19. Qe2 cxb3 20. Nxb4 Rc8 21. a5 Nbc4
22. Bc1 Nxa5 23. Be3 Nac4 24. Rxa7 Nxe3 25. Qxe3 Nc4 26. Qe1 Qb6 27. Ra1 Qxd4+
28. Kh1 Rfd8 29. Rd1 Qxb2 30. Rd3 Rxd3 31. Nxd3 Qd2 32. Qxd2 Nxd2 33. Rf2 Rc2
34. Kg2 b2 35. Nxb2 Rxb2 36. f4 b5 37. f5 gxf5 38. exf5 exf5 39. Rxf5 b4 40.
Rb5 b3 41. g6 fxg6 42. Rb8+ Kh7 43. Kg3 0-1

[Event "12. Online Aktivschach WM"]
[Site "Schachcomputer.info"]
[Date "2016.02.11"]
[Round "5.9"]
[White "Pewatronic Master Chess"]
[Black "Fidelity Elite V11"]
[Result "1/2-1/2"]
[WhiteElo "2203"]
[BlackElo "2333"]
[PlyCount "157"]

1. c4 Nf6 2. Nf3 e6 3. Nc3 d5 4. d4 c5 5. cxd5 cxd4 6. Qa4+ Nbd7 {*} 7. Nxd4
Nxd5 8. Nxd5 exd5 9. e3 Be7 10. Qb5 {*} O-O 11. Qxd5 Bb4+ 12. Bd2 Bxd2+ 13.
Kxd2 Qe7 14. Rc1 Nf6 15. Qb3 Rd8 16. Bc4 a6 17. Rhd1 b5 18. Bd3 Bb7 19. f3 Qe5
20. Rc2 Qxh2 21. Kc1 Rac8 22. Nf5 Qe5 23. e4 Rxc2+ 24. Bxc2 Rxd1+ 25. Bxd1 Bc8
26. Ne3 Be6 27. Qa3 Qd4 28. Nc2 Qb6 29. Kd2 a5 30. Qe7 h6 31. b3 a4 32. Qb4
axb3 33. axb3 Qf2+ 34. Be2 Qxg2 35. Qxb5 Qg1 36. b4 Nd7 37. f4 Nf6 38. Qb8+ Kh7
39. Qe5 Qf2 40. Ne3 Ng4 41. Nd1 Qh2 42. Qc7 Nf6 43. Nc3 Nh5 44. b5 Nxf4 45. b6
Bg4 46. b7 Bxe2 47. b8=Q Bd3+ 48. Ne2 Qxe2+ 49. Kc3 Qe1+ 50. Kb2 Ne6 51. Qc1
Qxe4 52. Qd6 Nd4 53. Qd2 f5 54. Qa3 Bc4 55. Qae3 Qb7+ 56. Kc3 Nb3 57. Qdf2 Qc8
58. Kb2 Bf7 59. Qef4 g6 60. Q2h4 Qh8+ 61. Kc2 Qg7 62. Qd6 g5 63. Qa4 f4 64.
Qab4 h5 65. Qf8 Nd4+ 66. Kc1 Qf6 67. Qb7 Kg6 68. Qfe7 Qxe7 69. Qxe7 Ne6 70. Kd2
g4 71. Ke2 f3+ 72. Ke3 Ng5 73. Kf4 Nh7 74. Qe5 Kh6 75. Kg3 Bg6 76. Kh4 Bf7 77.
Kg3 Bg6 78. Kh4 Bf7 79. Kg3 1/2-1/2

[Event "12. Online Aktivschach WM"]
[Site "Schachcomputer.info"]
[Date "2016.02.17"]
[Round "5.10"]
[White "Revelation II London"]
[Black "Fidelity Designer 68030 50 MHz"]
[Result "1-0"]
[WhiteElo "2400"]
[BlackElo "2180"]
[PlyCount "115"]

1. e4 e5 2. Nf3 Nc6 3. d4 exd4 4. Nxd4 Nf6 5. Nxc6 bxc6 6. e5 Qe7 7. Qe2 Nd5 8.
c4 Ba6 9. Nd2 Nb4 10. Nf3 c5 11. a3 Nc6 12. Bd2 Qe6 13. Bc3 Be7 14. O-O-O {*}
f6 15. exf6 Qxe2 {*} 16. Bxe2 gxf6 17. Rhe1 O-O-O 18. Bd3 Rhg8 19. g3 Rg4 20.
Be4 Bb7 21. Nh4 Bd6 22. f3 Rxe4 23. fxe4 Be5 24. Kc2 Nd4+ 25. Bxd4 cxd4 26. b4
d6 27. Nf5 c5 28. Kd3 Kd7 29. Rb1 Ba8 30. b5 Kc7 31. a4 Bb7 32. a5 Kd7 33. Rf1
Rb8 34. Rb2 Ba8 35. Rd2 Rg8 36. Rb1 Ke6 37. Rf2 Rg4 38. Re1 Kd7 39. b6 axb6 40.
axb6 Bb7 41. Ra2 Kc8 42. Ra7 Kb8 43. Re2 Rg5 44. Ne7 Bxg3 45. hxg3 Rxg3+ 46.
Kd2 Rb3 47. Ra2 Rb4 48. Nd5 Rxc4 49. Ra7 d3 50. Kxd3 Rd4+ 51. Kc3 h5 52. Nxf6
Rb4 53. Ra5 Bc6 54. e5 Kb7 55. exd6 Kxb6 56. Ra3 h4 57. d7 Bxd7 58. Nxd7+ 1-0

[Event "12. Online Aktivschach WM"]
[Site "Schachcomputer.info"]
[Date "2016.02.13"]
[Round "5.11"]
[White "Revelation II Diablo"]
[Black "Millennium ChessGenius"]
[Result "0-1"]
[WhiteElo "2169"]
[BlackElo "2200"]
[PlyCount "118"]

1. e4 c5 2. c3 d5 3. exd5 Qxd5 4. d4 Nf6 5. Nf3 e6 6. Na3 Nc6 7. Be2 Qd8 8. Nc2
cxd4 9. Ncxd4 Nxd4 10. Nxd4 Bc5 11. Be3 Bb6 12. O-O O-O 13. Qc2 e5 14. Nf3 Bxe3
15. fxe3 Qb6 16. Kh1 Qxe3 17. Rae1 Qc5 18. Bd3 Re8 19. Ng5 Be6 20. Bxh7+ Kf8
21. Be4 Bc4 22. Rf5 Re7 23. b3 Ba6 24. Rd1 Rae8 25. Rf3 Kg8 26. Bd5 e4 27. Rxf6
gxf6 28. Nxe4 Kg7 29. Rd4 $2 f5 30. b4 Qc7 31. b5 Bxb5 32. Rb4 Rh8 33. h3 Bc6
34. Bxc6 bxc6 35. Qd3 fxe4 36. Rxe4 Rd8 37. Rxe7 Qxe7 38. Qg3+ Kf8 39. c4 Qe4
40. Qa3+ Ke8 41. Qc1 Rd3 42. Kh2 Qe5+ 43. Kh1 Re3 44. a3 Re1+ 45. Qxe1 Qxe1+
46. Kh2 a5 47. a4 c5 48. g4 Qf2+ 49. Kh1 f6 50. h4 Qxh4+ 51. Kg2 Qxg4+ 52. Kf2
Qxc4 53. Kf3 Qd5+ 54. Ke2 c4 55. Kf2 c3 56. Kg3 c2 57. Kf2 c1=Q 58. Kg3 Qg1+
59. Kf4 Qgg5# 0-1

[Event "12. Online Aktivschach WM"]
[Site "Schachcomputer.info"]
[Date "2016.02.17"]
[Round "5.12"]
[White "Mephisto Milano Pro"]
[Black "Saitek Risc 2500"]
[Result "0-1"]
[WhiteElo "2163"]
[BlackElo "2244"]
[PlyCount "146"]

1. e4 c6 2. d4 d5 3. Nc3 dxe4 4. Nxe4 Bf5 5. Ng3 Bg6 6. Bc4 e6 7. N1e2 Nf6 8.
O-O c5 9. dxc5 Qxd1 10. Rxd1 Bxc5 11. c3 Nc6 12. Nf4 Ng4 13. Nh1 Bf5 14. Bb5
O-O 15. b4 Bb6 16. h3 Nf6 17. Ng3 Rfd8 18. Re1 Bc2 19. Re2 Rd1+ 20. Kh2 e5 21.
Rxc2 exf4 22. Nh1 Re8 23. Rd2 Ree1 24. Rxd1 Rxd1 25. Bb2 Rd6 26. Re1 Rd2 27.
Re2 Rxe2 28. Bxe2 Ne4 29. f3 Nd6 30. a4 Ne5 31. h4 Be3 32. g4 f5 33. g5 Nec4
34. Ba1 Kf7 35. h5 Bb6 36. Kh3 Bd8 37. Nf2 Bxg5 38. Nd3 Ne3 39. b5 Ndc4 40. Nc5
b6 41. Bxc4+ Nxc4 42. Nb3 g6 43. hxg6+ hxg6 44. Nd4 Bf6 45. Nc6 Ne3 46. Nxa7 g5
47. Kh2 Nc2 48. a5 bxa5 49. Nc6 Ne1 50. b6 Nxf3+ 51. Kh1 Be5 52. Nxa5 Ke6 53.
b7 Kd7 54. c4 Bb8 55. c5 g4 56. Kg2 Ne1+ 57. Kg1 Nd3 58. Bd4 f3 59. Kh1 Nb4 60.
Bc3 Nc6 61. Nc4 Kc7 62. Kh2 Kxb7+ 63. Nd6+ Bxd6+ 64. cxd6 Nd8 65. Kg3 Kc6 66.
Be1 Ne6 67. d7 Kxd7 68. Kh4 Nc5 69. Kg5 Ne4+ 70. Kf4 f2 71. Bxf2 Nxf2 72. Ke3
Nh3 73. Ke2 f4 0-1

[Event "12. Online Aktivschach WM"]
[Site "Schachcomputer.info"]
[Date "2016.02.23"]
[Round "5.13"]
[White "Novag Sapphire II"]
[Black "Mephisto Montreux"]
[Result "0-1"]
[WhiteElo "2153"]
[BlackElo "2257"]
[PlyCount "99"]

1. e4 e5 2. Nf3 Nc6 3. Bb5 Nge7 4. O-O Ng6 5. d4 exd4 6. Nxd4 Bc5 7. Nb3 Bb6 8.
Nc3 O-O 9. Nd5 Re8 10. Nxb6 axb6 11. Re1 d5 12. exd5 Rxe1+ 13. Qxe1 Qxd5 14.
Qe8+ Nf8 15. Qe2 Bf5 16. c4 Qd6 17. Bg5 Bd3 18. Qe3 Ne6 19. Rd1 Nxg5 20. Rxd3
Qe6 21. Qxe6 Nxe6 22. a3 Ne5 23. Rd5 f6 24. c5 c6 25. Rxe5 fxe5 26. Bc4 Kf7 27.
cxb6 Kf6 28. h4 e4 29. Nd2 Nc5 30. Kf1 Ke5 31. Bf7 Nd3 32. Nc4+ Kd4 33. Nd6
Nxb2 34. Nxb7 Na4 35. Ke2 Nxb6 36. h5 Nd5 37. h6 gxh6 38. g3 Rxa3 39. Nd6 Rf3
40. Bh5 Rf6 41. Ne8 Rf8 42. Ng7 Nc3+ 43. Ke1 Ke5 44. Ne8 Nd5 45. Ke2 c5 46. Ke1
Nb4 47. Nc7 Nd3+ 48. Kd2 Rxf2+ 49. Ke3 Rg2 50. Bd1 0-1

[Event "12. Online Aktivschach WM"]
[Site "Schachcomputer.info"]
[Date "2016.02.15"]
[Round "5.14"]
[White "Mephisto Chess Challenger 40 MHz"]
[Black "Mephisto Chess Explorer 32 MHz"]
[Result "1-0"]
[WhiteElo "2200"]
[BlackElo "2150"]
[Annotator "Wiselius,Paul"]
[PlyCount "103"]

1. d4 Nf6 2. Nf3 d5 3. c4 e6 4. Bg5 Be7 5. Nc3 O-O {* errechnet} 6. e3 h6 {
...wieder im buch...} 7. Bh4 b6 8. cxd5 Nxd5 9. Bxe7 Qxe7 10. Nxd5 exd5 11. Be2
Be6 12. Rc1 c5 {* wieder errechnet} 13. O-O {* errechnet} Nd7 14. b3 Rac8 15.
Qc2 {?! ...bietet die dame für zwei turme, und verliert dabei noch einen bauer.
..} cxd4 16. Qxc8 Rxc8 17. Rxc8+ Nf8 18. Rb8 Qc7 19. Re8 dxe3 20. fxe3 Qc3 21.
Kf2 Qb2 22. h3 Bd7 23. Rd8 Bb5 24. Re1 Qxa2 25. Nd4 Bd7 {?? ...hiermit
verliert schwarz sein vorteil und bekommt weiss der angriff. Lxe2 war das
beste...} 26. Rc1 Qb2 {...und hier ist Da3 besser, jetzt verliert er auch noch
der a-bauer...} 27. Rc7 Be6 28. Rxa7 Qc3 29. Raa8 {...und das war das...} Qb4
30. Kf3 g5 31. Bd3 Kg7 32. Rxf8 Qxf8 {...ein menschlicher spieler hatte die
dame ins spiel behalten, das bietet noch schwindelmöglichkeiten...} 33. Rxf8
Kxf8 34. e4 Ke7 35. Nxe6 fxe6 36. e5 Kf7 37. Kg4 Kg8 38. Kh5 g4 39. Kxg4 Kf7
40. Kh5 Kg7 41. g4 d4 42. h4 b5 43. b4 Kf7 44. Kxh6 Ke7 45. g5 Kf8 46. g6 Ke7
47. g7 Kd7 48. g8=Q Kc7 49. Qe8 Kb7 50. Qd7+ Ka6 51. Be4 Kb6 52. Qb7# 1-0

[Event "12. Online Aktivschach WM"]
[Site "Schachcomputer.info"]
[Date "2016.01.08"]
[Round "6.1"]
[White "Tasc CM 32 MHz Gideon 3.1"]
[Black "Tasc R30 V2.23"]
[Result "1/2-1/2"]
[WhiteElo "2377"]
[BlackElo "2367"]
[PlyCount "126"]

1. e4 c5 2. Nf3 Nc6 3. d4 cxd4 4. Nxd4 Nf6 5. Nc3 e5 6. Ndb5 d6 7. Bg5 a6 8.
Bxf6 gxf6 9. Na3 f5 10. Qh5 d5 11. exd5 Bxa3 12. bxa3 Qa5 13. Kd2 Ne7 14. Qe2
e4 15. Qc4 O-O 16. Qb4 Qxb4 17. axb4 Rd8 18. Ke3 Nxd5+ 19. Nxd5 Rxd5 20. c4 Rd6
21. c5 Rg6 22. a3 Be6 23. Rc1 Bb3 24. h4 Rd8 25. h5 Re6 26. Be2 Ba4 27. Bc4
Ree8 28. h6 Bb3 29. Bxb3 Rd3+ 30. Kf4 Rxb3 31. Rh3 Rxh3 32. gxh3 Re6 33. Kxf5
Rxh6 34. Rc3 Re6 35. Re3 Kg7 36. Rxe4 Rf6+ 37. Kg4 b6 38. Rc4 Rc6 39. Kf5 Kf8
40. Ke5 bxc5 41. bxc5 Ke7 42. h4 Kd7 43. f4 Re6+ 44. Kd5 Rf6 45. Rd4 Kc7 46.
Re4 Kd7 47. Ke5 Re6+ 48. Kd4 Rf6 49. Kd5 Rf5+ 50. Re5 Rxf4 51. c6+ Kc7 52. Kc5
Rxh4 53. Re7+ Kd8 54. Rxf7 Rh3 55. a4 h5 56. Rh7 h4 57. Kb6 Rb3+ 58. Kxa6 h3
59. a5 Kc8 60. Ka7 Kd8 61. a6 Kc8 62. c7 Rg3 63. Kb6 Rg6+ 1/2-1/2

[Event "12. Online Aktivschach WM"]
[Site "Schachcomputer.info"]
[Date "2016.01.01"]
[Round "6.2"]
[White "Tasc CM 32 MHz Gideon 3.0"]
[Black "Revelation II Vancouver"]
[Result "0-1"]
[WhiteElo "2353"]
[BlackElo "2350"]
[PlyCount "132"]

1. c4 e5 2. Nf3 e4 3. Nd4 Nc6 4. Nb3 Nf6 5. Nc3 Bb4 6. a3 Bxc3 7. dxc3 O-O 8.
Bg5 h6 9. Bf4 d6 10. e3 Bg4 11. Be2 Bxe2 12. Qxe2 Qd7 13. Rd1 Rfe8 14. O-O Ne5
15. Bg3 Qa4 16. Bxe5 Rxe5 17. Nd4 a6 18. Rd2 Rf8 19. Rfd1 Rg5 20. Nc2 Qd7 21.
Nb4 Qh3 22. Qf1 Qf3 23. c5 dxc5 24. Nd5 Ne8 25. Kh1 Qg4 26. c4 Qe6 27. g3 c6
28. Nc3 Nf6 29. Rd6 Qf5 30. Qg2 Rh5 31. Kg1 Re8 32. a4 Kh7 33. R1d2 Re6 34. Rd8
Ng4 35. h3 Ne5 36. g4 Rg6 37. R2d6 Nf3+ 38. Kf1 Rxd6 39. Rxd6 Qe5 40. Rd1 Rh4
41. Ke2 f5 42. gxf5 Qxf5 43. Rh1 Ng5 44. Kd1 Nxh3 45. Kc2 Qf3 46. Qg3 Rh5 47.
Qxf3 exf3 48. Ne4 Rh4 49. Nd6 g5 50. Rf1 b6 51. a5 b5 52. Kd2 Kg6 53. e4 g4 54.
Nf5 Rh5 55. Ne7+ Kg5 56. Ke3 Nxf2 57. Rxf2 Rh1 58. Rc2 Re1+ 59. Kf2 Rxe4 60.
cxb5 Rxe7 61. bxa6 Kh4 62. Rc4 Kh3 63. Rc2 g3+ 64. Kxf3 g2 65. Rc1 Kh2 66. Rc2
Rf7+ 0-1

[Event "12. Online Aktivschach WM"]
[Site "Schachcomputer.info"]
[Date "2016.01.06"]
[Round "6.3"]
[White "Tasc R30 Gideon"]
[Black "Revelation II Lyon"]
[Result "1-0"]
[WhiteElo "2318"]
[BlackElo "2310"]
[PlyCount "97"]

1. d4 d5 2. c4 dxc4 3. e4 Nf6 4. Nc3 e5 5. Nf3 exd4 6. Qxd4 Qxd4 7. Nxd4 Bb4 8.
f3 a6 9. Bxc4 O-O 10. Be3 {Lyon und Gideon Buchende} Nbd7 11. O-O-O Ne5 12. Bb3
c5 13. Nde2 c4 14. Bc2 Re8 15. Bg5 Be7 16. Kb1 Be6 17. f4 Nc6 18. Bxf6 Bxf6 19.
e5 Be7 20. Be4 Rab8 21. Rhf1 Bc5 22. h3 h6 23. g4 Re7 24. a3 Ree8 25. Na4 Be3
26. Rf3 Ba7 27. Kc2 Red8 28. Rff1 Rbc8 29. Bxc6 Rxd1 30. Rxd1 Rxc6 31. f5 Bc8
32. Nac3 Bc5 33. Nf4 Be7 34. Nfd5 Bc5 35. a4 Kf8 36. Ne4 b5 37. f6 gxf6 38.
axb5 axb5 39. exf6 Ke8 40. Kc3 Bf8 41. Ra1 Be6 42. Ra8+ Kd7 43. Ra7+ Kd8 44.
Ne7 Rc7 45. Ra8+ Rc8 46. Nxc8 Bxc8 47. Kd4 Kc7 48. Ra7+ Bb7 49. Nc5 1-0

[Event "12. Online Aktivschach WM"]
[Site "Schachcomputer.info"]
[Date "2016.01.08"]
[Round "6.4"]
[White "Mephisto Atlanta"]
[Black "Mephisto Atlanta 32 MHz"]
[Result "1-0"]
[WhiteElo "2266"]
[BlackElo "2301"]
[PlyCount "145"]

1. e3 e5 2. d4 exd4 3. exd4 d5 4. Bd3 Nc6 5. Ne2 Bd6 6. Nbc3 Nge7 7. O-O O-O 8.
Nb5 Nb4 9. Nxd6 Qxd6 10. Bb5 Bf5 11. Ba4 Qa6 12. Bb3 Rae8 13. Ng3 Bg6 14. a3
Nbc6 15. Bf4 Qb6 16. c3 Na5 17. Ba4 c6 18. Ra2 Qd8 19. Re1 b5 20. b4 bxa4 21.
bxa5 Nf5 22. Rae2 Nxg3 23. Bxg3 Bh5 24. f3 Rxe2 25. Qxe2 Bg6 26. Qe7 a6 27.
Qxd8 Rxd8 28. Re7 Rc8 29. h4 f6 30. h5 Bxh5 31. Ra7 c5 32. Rxa6 cxd4 33. cxd4
Kf8 34. Bd6+ Kg8 35. Rb6 Ra8 36. a6 h6 37. Bb8 Be8 38. a7 Kh7 39. Rd6 Bf7 40.
Rc6 h5 41. g4 hxg4 42. fxg4 Kh6 43. Kf2 Kh7 44. Rc5 Kg6 45. Ra5 Be6 46. Kg3 Kg5
47. Bf4+ Kg6 48. Rxa4 Bc8 49. Ra5 Be6 50. Kf3 Bf7 51. Ra6 Be8 52. Bb8 Kf7 53.
Rb6 g6 54. Rb7+ Ke6 55. Rb4 g5 56. a4 Bg6 57. Rb6+ Kf7 58. a5 Be4+ 59. Ke2 f5
60. gxf5 Bxf5 61. a6 Ke7 62. Bd6+ Kf7 63. Rb7+ Bd7 64. Kf3 Ke6 65. Bc5 Be8 66.
Kg4 Bc6 67. Rb6 Kd7 68. Rb8 Ke6 69. Kxg5 Kf7 70. Rb7+ Kg8 71. Kg6 Be8+ 72. Kh6
Bf7 73. Rb8+ 1-0

[Event "12. Online Aktivschach WM"]
[Site "Schachcomputer.info"]
[Date "2016.02.28"]
[Round "6.5"]
[White "Tasc CM 32 MHz King 2.54"]
[Black "Resurrection Ruffian"]
[Result "1-0"]
[WhiteElo "2376"]
[BlackElo "2379"]
[PlyCount "67"]

1. e4 e6 2. d4 d5 3. e5 c5 4. c3 Nc6 5. Nf3 Bd7 6. dxc5 Bxc5 7. Bd3 Nge7 8. Bf4
Ng6 9. Bg3 O-O 10. Nbd2 f5 11. b4 Be7 12. b5 Na5 13. h4 f4 14. Bh2 Rc8 15. h5
Nh4 16. Qc2 Nxg2+ 17. Ke2 Bb4 18. Rag1 Rxc3 19. Qb1 Rxd3 20. Qxd3 Nh4 21. h6
Rf7 22. hxg7 Bxd2 23. Nxh4 Bb4 24. Qxh7+ Kxh7 25. Nf5 Kg8 26. Nh6+ Kh7 27. Nxf7
Bxb5+ 28. Kf3 Kg8 29. Nh6+ Kh7 30. Bxf4 Be2+ 31. Kxe2 Be7 32. g8=Q+ Qxg8 33.
Nxg8+ Bh4 34. Rxh4# 1-0

[Event "12. Online Aktivschach WM"]
[Site "Schachcomputer.info"]
[Date "2016.01.09"]
[Round "6.6"]
[White "Saitek Risc 2500"]
[Black "Revelation II London"]
[Result "1/2-1/2"]
[WhiteElo "2244"]
[BlackElo "2400"]
[PlyCount "120"]

1. e4 e5 2. Nf3 Nc6 3. Bc4 Bc5 4. c3 Nf6 5. d4 exd4 6. cxd4 Bb4+ 7. Nc3 Nxe4 8.
O-O Bxc3 9. d5 Bf6 10. Re1 Ne7 11. Rxe4 d6 12. Bg5 Bxg5 13. Nxg5 h6 14. Qe2
hxg5 15. Re1 Be6 16. dxe6 f6 17. Re3 d5 18. Rh3 Rxh3 19. gxh3 g6 20. Qf3 Qd6
21. Qxf6 O-O-O {*} 22. Bd3 {*} Qb4 23. Re3 d4 24. Re5 g4 25. hxg4 Qd2 26. Bf1
Re8 27. h3 Qh6 28. Ra5 Qh8 29. Rxa7 Kb8 30. Qxh8 Rxh8 31. Ra3 c6 32. f4 Rf8 33.
Rf3 Rf6 34. Bc4 b5 35. Bb3 c5 36. g5 Rf8 37. a4 bxa4 38. Bxa4 Kc7 39. Bb3 Rb8
40. Kf1 Kd6 41. Rd3 Nf5 42. Ke1 Rb4 43. Bc2 c4 44. Rd2 d3 45. Bd1 Kxe6 46. b3
Kd5 47. bxc4+ Kxc4 48. Bg4 Ne3 49. Kf2 Nxg4+ 50. hxg4 Kc3 51. Ke3 Rd4 52. f5
Rd8 53. Rd1 d2 54. fxg6 Kc2 55. Rxd2+ Rxd2 56. Kf4 Rd8 57. Kf5 Kd3 58. Ke6 Ke4
59. g7 Kf4 60. Kf7 Kxg5 1/2-1/2

[Event "12. Online Aktivschach WM"]
[Site "Schachcomputer.info"]
[Date "2016.01.07"]
[Round "6.7"]
[White "Tasc R30 V2.5"]
[Black "Pewatronic Master Chess"]
[Result "1-0"]
[WhiteElo "2368"]
[BlackElo "2203"]
[PlyCount "111"]

1. d4 d5 2. c4 e6 3. Nf3 Nf6 4. Bg5 Be7 5. Nc3 O-O 6. e3 h6 7. Bh4 b6 8. Bd3
Ba6 9. cxd5 Bxd3 10. Qxd3 exd5 11. O-O c6 12. Rac1 Re8 13. Ne5 Bd6 14. f4 Be7
15. f5 Nfd7 16. Bg3 Bh4 17. Bf4 Nxe5 18. Bxe5 Nd7 19. Bd6 Rc8 20. Rcd1 a5 21.
e4 dxe4 22. Nxe4 Nf6 23. Be5 Nxe4 24. Qxe4 Bg5 25. Qd3 c5 26. Qb3 a4 27. Qxa4
Be3+ 28. Kh1 Ra8 29. Qb3 cxd4 30. Bg3 Ra5 31. f6 gxf6 32. Be1 Rd5 33. Bh4 Bg5
34. Bf2 Re7 35. Qd3 Ra7 36. a3 Rad7 37. Qg3 Kh7 38. h4 Be3 39. Bxe3 dxe3 40.
Rxd5 Rxd5 41. Qxe3 Qd6 42. Qe4+ Kg7 43. Qg4+ Kf8 44. Qf3 Kg7 45. Qf4 Rd2 46.
Qxd6 Rxd6 47. Kh2 Rd2 48. b3 Rd3 49. Rf3 Rxf3 50. gxf3 f5 51. Kg3 Kf6 52. Kf4
b5 53. a4 bxa4 54. bxa4 Ke6 55. h5 Kd6 56. Kxf5 1-0